| 000 | 00610nam a22001937a 4500 | ||
|---|---|---|---|
| 003 | 0 | ||
| 005 | 20231123110224.0 | ||
| 008 | 231123b xxu||||| |||| 00| 0 eng d | ||
| 020 | _a978-621-406-346-8 | ||
| 050 |
_aG 155 _b.B36 2022 |
||
| 100 | _aBanzuelo, Loida R. | ||
| 245 |
_aPracticum manual : college of hospitality and tourism management _cLoida R. Banzuelo |
||
| 260 |
_aManila _bMindshapers Co., Inc. _cc2022. |
||
| 300 |
_axiv, 248 pages ; _c25 cm. |
||
| 504 | _aIncludes bibliographical references. | ||
| 650 | _aTourism--management. | ||
| 650 | _aHospitality industry. | ||
| 942 |
_2lcc _cBK |
||
| 999 |
_c365664 _d365664 |
||